=LDR 00000nam 2200000 4500 =001 INLIS000000000031872 =005 20130612133921 =008 ***********************************ind** =035 ##$$0010-061300000031872 =041 ##$$a ind =082 ##$$a 372.3 =090 ##$$a 372.3, Pur, e =100 ##$$a PURWANTO =245 ##$$a Ensiklopedi Fisika 2 , Siste Tata Surya , Purwanto,Ready Susanto,M.Insan Kamil =260 ##$$a 2008 $b Bandung =300 ##$$a 65 hlm. , Illus , 28 cm =650 ##$$a PENDIDIKAN DASAR TATA SURYA =700 ##$$a SUSANTO, Ready =850 ##$$a NBPNMAT